| 000 | 00489nam a2200121Ia 4500 | ||
|---|---|---|---|
| 008 | 220216s9999 xx 000 0 und d | ||
| 100 |
_aHe Chunping _cet al |
||
| 245 | 0 | _aResearch on root diseases of rubber trees | |
| 260 | _bClimate Change, Low Carbon Economy and Sustainable Natural Rubber Industry: Preprints of Proceedings of IRRDB International Rubber Conference 2010, 18-19 October 2010 Sanya, Hainan, China, pp. 286. | ||
| 650 | _aRoot disease | ||
| 856 | _uAbst only | ||
| 942 | _cJS | ||
| 999 |
_c66800 _d66800 |
||